| 000 | 00971nam a22001937a 4500 | ||
|---|---|---|---|
| 999 |
_c61871 _d61871 |
||
| 003 | Ge_BSU | ||
| 005 | 20240619105733.0 | ||
| 008 | 240531s1987 ge ||||| |||| 00| 0 geo d | ||
| 041 | _ageo | ||
| 080 | _a616.12-053.2 ნ-69 | ||
| 100 |
_aნიჟარაძე, გურამ _922258 |
||
| 245 |
_aგულ-სისხლძარღვთა სისტემის დაავადებები ბავშვთა ასაკში / _cგურამ ნიჟარაძე, ირაკლი ფავლენიშვილი. |
||
| 264 |
_aთბ. : _bსაბჭ. საქართველო, _c1987. |
||
| 300 |
_a360 გვ. ; _b20 სმ. |
||
| 653 | _aგულ-სისხლძარღვთა დაავადებები ბავშვებში | ||
| 653 | _aმედიცინა | ||
| 700 |
_4ფავლენიშვილი, ირაკლი _eავტორი _922259 |
||
| 942 |
_2udc _cᲬᲘᲒᲜᲘ |
||